书目信息 |
| 题名: |
散文讲稿
|
|
| 作者: | 于君 著 | |
| 分册: | ||
| 出版信息: | 北京 群言出版社 2003 |
|
| 页数: | 344页 | |
| 开本: | 20cm | |
| 丛书名: | ||
| 单 册: | ||
| 中图分类: | I056 | |
| 科图分类: | ||
| 主题词: | 散文--创作理论 | |
| 电子资源: | ||
| ISBN: | 7-80080-313-9 | |
| 000 | 00520nam0 2200205 45 | |
| 001 | 0404120916 | |
| 005 | 20051115093504.98 | |
| 010 | @a7-80080-313-9@dCNY20.00 | |
| 092 | @aCN | |
| 100 | @a20040412d2003 km y0chiy0120 ea | |
| 101 | 0 | @achi |
| 105 | @a z 000cy | |
| 200 | 1 | @a散文讲稿@ASan Wen Jiang Gao@f于君著@FYu Jun Zhu |
| 210 | @a北京@c群言出版社@d2003 | |
| 215 | @a344页@d20cm | |
| 606 | 0 | @a散文@x创作理论 |
| 690 | @aI056@v4 | |
| 701 | 0 | @a于君@4著 |
| 801 | @aCN@bTSTC@c20051115 | |
| 905 | @a10447@dI056@e105 | |
| 散文讲稿/于君著.-北京:群言出版社,2003 |
| 344页;20cm |
| ISBN 7-80080-313-9:CNY20.00 |
| ● |
| 相关链接 |
|
|
|
|
正题名:散文讲稿
索取号:I056/105
 
预约/预借
| 序号 | 登录号 | 条形码 | 馆藏地/架位号 | 状态 | 备注 |
| 1 | 0331285 | 203312851 | 第二借阅区/ [索取号:I056/105] | 在馆 | |
| 2 | 0331286 | 203312860 | 第二借阅区/ [索取号:I056/105] | 在馆 | |
| 3 | 0331287 | 203312879 | 第二借阅区/ [索取号:I056/105] | 在馆 | |
| 4 | 0331288 | 203312888 | 第二借阅区/ [索取号:I056/105] | 在馆 | |
| 5 | 0331289 | 203312897 | 第一样本阅览室/ [索取号:I056/105] | 在馆 | |
| 6 | 0367472 | 203674728 | 第二借阅区/ [索取号:I056/105] | 在馆 | |
| 7 | 0367473 | 203674737 | 第二借阅区/ [索取号:I056/105] | 在馆 | |
| 8 | 0367474 | 203674746 | 第二借阅区/ [索取号:I056/105] | 在馆 | |
| 9 | 0367475 | 203674755 | 第二借阅区/ [索取号:I056/105] | 在馆 | |
| 10 | 0367476 | 203674764 | 第二借阅区/ [索取号:I056/105] | 在馆 |